000 03776nam a2200445 a 4500
003 CHAP
005 20250131140153.0
007 cr ||||||a|c|a
008 110211s2010 mx r 00010 spa d
035 _a112154
040 _cCHAP
090 _aTesis
100 1 _aLópez Laurencia, Jesús.
_968013
245 1 0 _aEstudio de factibilidad tecnica y financiera de una explotación comercial de ganado bovino productor de carne, en la localidad de San José bocto, municipio de Acambay, Estado de México
_c/por Jesús López Laurencia; director de tesis José Ayala Oseguera.
264 1 _aChapingo, Méx. :
_bEl autor,
_c2010.
300 _a1 recurso en línea (135 páginas) :
_bcuadros, figuras.
336 _2rdacontent
_atexto
_btxt
337 _2rdamedia
_acomputadora
_bc
338 _2rdacarrier
_arecursos en línea
_bcr
502 _bIAEZ
_cZootecnía
_d2010.
_gLIC
520 _aEl presente estudio representa una alternativa de explotación, en el municipio de Acambay, México, con el objetivo de determinar la condición financiera de una explotación comercial de engorda de ganado bovino de carne, en la etapa de finalización. El diseño del paquete tecnológico, que abarca aspectos de alimentación, sanidad, manejo en general y la comercialización es el establecido por el propietario del Rancho “La Esperanza”, ubicado en la localidad de San José Bocto, municipio de Acambay, México. Se considera una superficie de cultivo de 30.0 ha_1 bajo el régimen de humedad de punta riego. En la cual se cultiva maíz para la producción de grano, que al igual que el forraje obtenido es destinado como parte de los ingredientes de la dieta alimenticia para el ganado bovino, con un total de 3,065.62 m² en instalaciones, tales como: bodega de ingredientes para la elaboración del alimento balanceado, resguardo de maquinaria, implementos agrícolas y vehículos, casa habitación y oficina, así como corrales. Bajo un sistema intensivo de engorda de ganado bovino de carne, se cuenta con una capacidad en la actualidad de recepción de 120 novillos, los cuales al ingresar en la etapa de finalización presentan un peso promedio de 330 a 350 kilogramos (peso vivo), entre los 2.0 a 2.5 años de edad. El peso en pie, promedio alcanzado en cuatro meses aproximadamente a partir de la fecha de ingreso a los corrales de engorda, varía entre los 550 a 580 kilogramos. Y el peso promedio por canal es de 335 kg. Se estima una producción anual de 302 cabezas. La evaluación financiera del estudio arrojo los siguientes indicadores económicos: valor actual neto: $3, 217. 22; relación beneficio – costo: $ 1.15; y una tasa interna de retorno de: 27.75 %, considerando una tasa de actualización del 0%. Se concluye que la explotación de ganado bovino de carne es una actividad económicamente rentable bajo las condiciones del presente proyecto y representa una opción factible.
590 _aALEPH
_b10
_c20130110
590 _aBATCH-UPD
_b10
_c20130110
590 _aBATCH-UPD
_b10
_c20130410
590 _aBATCH-UPD
_b10
_c20130914
590 _aBATCH-UPD
_b10
_c20140324
590 _aBATCH-UPD
_b10
_c20141002
590 _aCONVERSION
_b10
_c20130109
650 1 4 _aEstudios de factibilidad.
_938520
650 1 4 _aGanado de carne
_zMéxico (Edo.).
_945122
650 1 4 _aGanado vacuno
_xMercadeo
_zMéxico (Edo.).
_945490
700 1 _aAyala Oseguera, José
_98966
_eDirector de tesis.
856 _uhttp://10.13.5.2/tesis/112154.pdf
_zDESCARGAR PDF
901 _aBK
942 _cTD
_2Clasificación Universidad Autónoma Chapingo
949 _aTesis
_bBC
_cTES
_d33724002232017
_eTS2
_fc.2
_gDonaciØn
_h51947
_i112154
_st
949 _aTesis
_bBC
_cTES
_d33724002232058
_eTS1
_gDonaciØn
_h51946
_i112154
_st
999 _c100494
_d100494